| 000 | 01364nam a2200265Ia 4500 | ||
|---|---|---|---|
| 003 | CO-CtgCURN | ||
| 005 | 20250523212630.0 | ||
| 008 | 190726s2006 xx g 000 0 spa d | ||
| 020 | _a9788496107700 | ||
| 040 |
_aCO-CtgCURN _bspa _ccoctgcurn |
||
| 082 |
_a940.548 _bN541p |
||
| 100 |
_aNewcourt-Nowodworski, Stanley _91556 _eautor |
||
| 245 | 0 |
_aLa propaganda negra en la Segunda Guerra Mundial / _cStanley Newcourt-Nowodworski; traducción., Fermin Navascues |
|
| 260 |
_aEspaña : _bAlgaba Ediciones, _c2006 |
||
| 300 |
_a336 páginas ; _c25 centímetros |
||
| 500 | _aTitulo original : Black propaganda in the second world war | ||
| 504 | _aIncluye referencias bibliográficas (p. 323-331) | ||
| 505 | _aLa guerra psicológica desde Sun Tzu -- La propaganda negra alemana -- La propaganda negra británica -- Sefton Delmeer crea un concepto radicalmente nuevo -- Octavillas y rumores negros -- La operación "N" polac. Unos inicios humildes -- Auge y caída de la Operación "N" -- La cooperación negra anglopolaca -- ¿Por qué conseguimos tan poco? | ||
| 521 | _aAREA BASICA | ||
| 590 | _aTodos los programas acádemicos | ||
| 650 |
_aSegunda Guerra Mundial _91557 |
||
| 700 |
_aNavascues, Fermin _etraducción _91558 |
||
| 942 |
_cBK _h940.548 _iN541p _2ddc _n0 |
||
| 999 |
_c30439 _d30439 |
||